00561nam a2200193Ia 4500003000900000008004100009020001800050040001600068080002200084245007300106260003400179300001400213490003000227650003100257650001100288700002300299700002400322700002100346IN-BaIIA211028s9999 xx 000 0 eng d a3-540-42468-7 cIIA Library a52-17(082.2)bMIN 0aMining the skycedited by A. J. Banday, S. Zaroubi and M. Bartelmann aBerlinbSpringer-Verlagc2001 axv, 705p. aESO astrophysics symposia aAstronomical data analysis aSurvey aBanday, A. J., ed. aBartelmann, M., ed. aZaroubi, S., ed.